Characters from God of War and God of War Ragnarök - Statystyki

Ogólne statystyki
  • Ten quiz został rozwiązany 19 razy
  • Średni wynik to 14 z 30
Statystyki odpowiedzi
Hint Odpowiedź % Poprawnych
God of War (The Ghost of Sparta) Kratos
100%
Teenage archer Atreus (Loki)
94%
A Vanir goddess Freya
82%
God of the Thunder (drunkard) Thor
82%
Foul-mouthed dwarf (blacksmith) Brok
76%
The Smartest man alive (head) Mimir
76%
One-eyed The All-Father Odin
76%
Germaphobed dwarf (blacksmith) Sindri
76%
Giant wolf Fenrir
65%
God of War (and peace) Týr
59%
The Last Giantess (Jötunn) Angrboda
53%
Lord of the Vanir Freyr
41%
The World Serpent Jörmungandr
41%
The Aesir brothers Magni and Modi
41%
A caretaker squirrel Ratatoskr
41%
Aspiring Valkyrie Thrúd
41%
An invulnerable Aesir Baldur
35%
The Last Guardian (Jötunn) Faye (Laufey)
35%
Precognitive herald of Ragnarök Heimdall
35%
Goddess of Harvest Sif
29%
The Valkyrie Queen Sigrun
24%
Sun and moon wolves Sköll and Hati
24%
Sled wolves Speki and Svanna
24%
Ancient being (fire monster) Surtr
24%
Dwarven official Durlin
18%
High advisor (former bear) Hildisvíni
18%
Cruel soul thief (Jötunn) Grýla
12%
Cheeky dwarf (blacksmith) Lúnda
12%
Musician dwarf RÆb
12%
Female Dark Elf and Male Light Elf Beyla and Byggvir
6%
Nie znaleziono quizów pasujących do podanych kryteriów
Rozkład punktacji
Procent ludzi z każdym wynikiem
Percentyl według liczby udzielonych odpowiedzi
Twoja historia wyników
Nie rozwiązałeś tego quizu